000 00842nam0a22002531 4500
001 v19\rc\1267476
005 20250618023252.0
035 _a(NLR Aleph) 004452066
090 _a4477840
_c4477840
100 _a20060306d1894 |||y0rusy50 ca
101 0 _arus
102 _aRU
105 _ay z |||||
200 1 _aСамсон и Далила
_eОпера в 3-х д.
_e[Краткое] содержание оперы
_fМузыка К. Сен-Санса
210 _aОдесса
_cИ.Т. Логинов
_dценз. 1894
215 _a4 с.
309 _aБез тит. л. и обл.
702 1 _4230
_7ca
_8rus
_aСен-Санс
_bК.
_f1835-1921
_gКамиль
_9229465
_3RU\NLR\AUTH\770229521
801 0 _aRU
_bNLR
_gpsbo
801 1 _aRU
_bProSoft-M
_2rusmarc
852 _aNLR
_j18.161.1.440
942 _cBOOK
980 _aNB